| 000 | 00783cab a2200265 4500 | ||
|---|---|---|---|
| 001 | ABS47235 | ||
| 008 | 090401t1992 xxu||||| |||| 00| 0 eng d | ||
| 035 | _a(Sirsi) u61151 | ||
| 041 | _aeng | ||
| 100 | _aBurkinshaw, R. | ||
| 245 | _aSaving by conversion | ||
| 260 | _c1992 | ||
| 350 | _a0 | ||
| 490 |
_aCS Monthly _bthe Building Surveyor _v2(2) October 1992, 5-6(2) |
||
| 520 | _aConsiders some of the problems met when saving redundant churches by conversion, taking as examples three churches in Hackney. | ||
| 650 | _aBUILDING CONSERVATION | ||
| 650 | _aCONVERSIONS | ||
| 650 | _aECCLESIASTICAL BUILDINGS | ||
| 650 | _aHISTORIC BUILDINGS | ||
| 650 | _aPLANNING | ||
| 650 | _aREDUNDANT CHURCHES | ||
| 690 | _aCONSERVATION | ||
| 942 | _n0 | ||
| 948 | _c04/03/1997 | ||
| 999 |
_c37820 _d37820 |
||